000 01064nam a2200313 i 4500
003 EG-GICUC
005 20260306133914.0
008 260306s1988 uk ||||fr|||| 001 0 eng d
020 _a0890062749
040 _aEG-GiCUC
_beng
_cEG-GiCUC
_dEG-GiCUC
_eRda
082 0 4 _221
_a341.47
_bWH . L
092 0 4 _221
099 _aLaw1 11 341.47 WH . L 1988
100 1 _aWhite, Rita Lauria
_eAuthor.
245 1 4 _aThe Law and Regulation of International Space Communication /
_cRita Lauria White, Harold M. White.
264 1 _aLondon :
_bArtech House Boston,
_c1988.
300 _a309page :
_billustration ;
_c 24 cm.
336 _2rda contenu
_a texte
337 _2rda medias
_aOrdinateur
338 _2 transporteur rda
_a Ressource en ligne
504 _aIncludes bibliographical references and index.
546 _aText in English
650 1 4 _aPublic international law
_2
651 1 _2
700 1 _aWhite, Harold M
_ejoint author.
856 4 0 _uhttps://fll.law.cu.edu.eg/fulltext/bks/B11-08838.pdf
905 _a50
942 _2ddc
_cBK
_e21
_n0
999 _c65218
_d65218